Έρευνα της δυνατότητας προσωπικής σχεδίασης του χρήστη μέσω ειδικών προγραμμάτων και τεχνολογιών : διπλωματική εργασία
Αρχικά, παρουσιάζεται μία έρευνα πάνω στις βασικές μεθοδολογίες σχεδίασης και τεχνολογίες παραγωγής. Στη συνέχεια, γίνεται εστίαση πάνω στους χρήστες, και παράγονται αποτελέσματα για τις προτιμήσεις τους πάνω στις υπάρχουσες μεθόδους σχεδίασης και τεχνολογίες, καθώς και το είδος των προϊόντων που επ...
Αποθηκεύτηκε σε:
| Κύριος συγγραφέας: | |
|---|---|
| Συγγραφή απο Οργανισμό/Αρχή: | |
| Μορφή: | Thesis Βιβλίο |
| Γλώσσα: | Greek |
| Δημοσίευση: |
2017.
|
| Θέματα: | |
| Διαθέσιμο Online: | http://hdl.handle.net/11610/21938 |
| Ετικέτες: |
Προσθήκη ετικέτας
Δεν υπάρχουν, Καταχωρήστε ετικέτα πρώτοι!
|
MARC
| LEADER | 00000cam a2200000 a 4500 | ||
|---|---|---|---|
| 001 | 1/113930 | ||
| 008 | 170515s2017####gr | ||| |||| ||gre|| | ||
| 040 | |a GR-MyUa |b gre |c GR-MyUa |e AACR2 | ||
| 041 | 0 | |a gre | |
| 082 | 7 | |a 620.0042 |2 (23) | |
| 100 | 1 | |a Σωτηριάδης, Χρήστος-Βίκτωρ. | |
| 245 | 1 | 0 | |a Έρευνα της δυνατότητας προσωπικής σχεδίασης του χρήστη μέσω ειδικών προγραμμάτων και τεχνολογιών : |b διπλωματική εργασία / |c Σωτηριάδης Χρήστος-Βίκτωρ ; επιβλέπων καθηγητής Αζαριάδης-Τοπάλογλου Φίλιππος. |
| 260 | |c 2017. | ||
| 300 | |a 69 φύλλα : |b εικ. ; |c 30 εκ. | ||
| 502 | |a Πτυχιακή εργασία - Πανεπιστήμιο Αιγαίου, Σύρος, 2017. | ||
| 504 | |a Βιβλιογραφία: σ. 58-63. | ||
| 520 | 8 | |a Αρχικά, παρουσιάζεται μία έρευνα πάνω στις βασικές μεθοδολογίες σχεδίασης και τεχνολογίες παραγωγής. Στη συνέχεια, γίνεται εστίαση πάνω στους χρήστες, και παράγονται αποτελέσματα για τις προτιμήσεις τους πάνω στις υπάρχουσες μεθόδους σχεδίασης και τεχνολογίες, καθώς και το είδος των προϊόντων που επιθυμούν να σχεδιάζουν μόνοι τους. Τέλος, γίνεται μια ανάλυση των στοιχείων που έχουν συλλεχθεί, και συντίθενται οι προδιαγραφές της προτεινόμενης μεθοδολογίας. Στο τελευταίο κεφάλαιο παρουσιάζονται στιγμιότυπα της μεθοδολογίας αυτής. | |
| 650 | 0 | |a Dissertations, Academic |z Greece. | |
| 650 | 0 | |a Industrial design |x Methodology. | |
| 650 | 0 | |a Engineering design |x Computer programs. | |
| 700 | 1 | |a Αζαριάδης-Τοπάλογλου, Φίλιππος, |e dgs | |
| 710 | 2 | |a Πανεπιστήμιο Αιγαίου. |b Σχολή Θετικών Επιστημών. |b Τμήμα Μηχανικών Σχεδίασης Προϊόντων και Συστημάτων. | |
| 852 | |a INST |b SYROS |c DIATR |e 20170515 |h 620.0042 ΣΩΤ |p 005500013048 |q 005500013048 |t DIE |y 23 | ||
| 856 | |u http://hdl.handle.net/11610/21938 | ||
| 924 | |a Σωτηριάδης |b Χρήστος-Βίκτωρ |y Σύρος |z 2017-05 | ||
| 970 | |a Κοντού |b Παρασκευή |z 15/05/2017 | ||